Adele Songs - Sudden Death - Statistics

General Stats
  • This quiz has been taken 755 times
  • The average score is 8 of 15
Answers on the Grid
Answers color-coded by a green-red scale on the quiz's grid according to % correct below.
I'll Look Back
Broken In Two
Make You Feel My Love
Golden Hour
Skyfall
Finds A Way
Rolling In The Deep
River Lea
Song To The Moon
Million Years Ago
Strangers Again
Remedy
Fall Into Something
He Won't Go
Season
Chasing Pavements
When We Were Young
Hometown Glory
Forever And Counting
Sick In Love
My Little Love
A Hundred Versions
This Is The Start
Don't You Remember
New Year's Heart
Feel It Going
Someone Like You
Break Mine Too
Take It All
Leave Me Behind
Turning Tables
No Time For Tears
 
Answer Stats
Answer % Correct
Rolling In The Deep
91%
Skyfall
91%
Someone Like You
82%
When We Were Young
77%
Chasing Pavements
71%
Make You Feel My Love
63%
Turning Tables
58%
Hometown Glory
57%
Don't You Remember
41%
Million Years Ago
38%
My Little Love
35%
Remedy
34%
Take It All
34%
River Lea
29%
He Won't Go
27%
No matching quizzes found
Score Distribution
Percent of People with Each Score
Percentile by Number Answered
Your Score History
You have not taken this quiz